000 00496nam a2200205Ia 4500
999 _c9568
_d9568
003 0100
005 20170605152706.0
008 130303s9999 xx 000 0 und d
020 _a852557701
040 _cARRUPELIB
050 _aDT511.R281999
100 _aRathbone, Richard
_927402
245 _aNkrumah and the chiefs
245 _bthe politics of chieftaincy in Ghana, 1951-60
260 _bF. Reimmer
_aAccra
_c1999
300 _a176 p.
300 _b 24cm.
440 _aWest African series
_932213
650 _aGhana
_932168
650 _aTribal government
_xGhana
_xHistory
_y20th century
_932214
650 _aGhana
_xHistory
_y20th century
_932215
650 _aNkrumah, Kwame
_xChiefdoms
_y1909-1972
_932216
650 _aLocal government
_xGhana
_xHistory
_y20th century
_932217
650 _aPolitics and government
_x1957-1979
_932218
650 _aGhana
_xPolitics and government
_932219
942 _2lcc
_cMONOGRAPH